00316nam a2200109Ia 4500008004100000020001800041082001500059100001700074245007100091260002400162500002000186260604s9999 xx 000 0 und d a9780141345154 a791.43 KIN aKinney, Jeff 0aWimpy Kid Movie Diary : How Greg Heffley Went Hollywood : Dog Days bPenguin Puffin (UK) aKid Movie Diary